Music Quiz

Random Music or Bands Quiz

First Word Beatles Song Titles II Quiz Stats

 Plays Quiz Updated Jun 27, 2019

Score 0/30 Timer 04:00
6 Plays Today
First Word % Correct
Let
97%
Eight
95.8%
Here,
94.5%
With
94.1%
Ticket
94.1%
Hold
93.3%
Eleanor
93.1%
When
93%
Lady
89.9%
All
88.9%
Magical
88.9%
Paperback
87.8%
I'm
86.5%
Why
86.4%
She
84.5%
First Word % Correct
Drive
82.6%
Got
81.2%
Dear
81%
In
77.1%
Octopus's
74.6%
Lovely
74.6%
Across
74.1%
Maxwell's
70.4%
It's
60.6%
Two
58.5%
Blue
58.4%
Being
46.8%
Martha
39.9%
Think
36.7%
What
31.3%

You're not logged in!

Compare scores with friends on all Sporcle quizzes.
OR
Log In

Sporcle TV

Today on Sporcle TV


Watch our educational content, quiz creation guides, and fun videos on Sporcle TV.

Show Comments

Extras

Top Quizzes Today


Score Distribution

Your Account Isn't Verified!

In order to create a playlist on Sporcle, you need to verify the email address you used during registration. Go to your Sporcle Settings to finish the process.

Report this User

Report this user for behavior that violates our Community Guidelines.

Details: